Score 0/32 Timer 06:00
2 Plays Today
% Correct
Miami
89.4%
Los Angeles
88.4%
Seattle
88.1%
New York
87.8%
Anchorage
87.4%
New Orleans
86.7%
Oklahoma City
86.4%
Denver
86.2%
Philadelphia
86.1%
Santa Fe
86.1%
Chicago
85.4%
Detroit
85.2%
Atlanta
84.8%
Portland
84.5%
Indianapolis
84.3%
Mobile
83.5%
% Correct
Saint Paul and Minneapolis
83.3%
Cincinnati
83.3%
Louisville
83.1%
San Francisco
82.6%
Milwaukee
82.6%
Newark
82.5%
Hartford
82%
St. Louis
81.7%
Galveston-
Houston
81.5%
Baltimore
81%
San Antonio
80.5%
Omaha
79.1%
Dubuque
76.7%
Boston
74.6%
Kansas City
70.8%
Washington
55.9%
Remove Ads.
Support Sporcle.
Get the best of Sporcle when you Go Orange. This ad-free experience offers more features, more stats, and more fun while also helping to support Sporcle. Thank you for becoming a member.

You're not logged in!

Compare scores with friends on all Sporcle quizzes.
OR
Log In

Show Comments

Extras

Top Quizzes Today


Score Distribution

Your Account Isn't Verified!

In order to create a playlist on Sporcle, you need to verify the email address you used during registration. Go to your Sporcle Settings to finish the process.

Report this User

Report this user for behavior that violates our Community Guidelines.

Details: